| 000 | 00513nam a2200145 4500 | ||
|---|---|---|---|
| 082 | _aMSIS-07 ROH | ||
| 100 | _aRoha Zulqarnain | ||
| 245 | _aActive file identification & deleted data recovery tool evaluation | ||
| 260 |
_aIslamabad _bNUST-SEECS _c2017 |
||
| 300 |
_a55p _eCD Includes |
||
| 856 | _uhttp://10.250.8.41:8080/xmlui/handle/123456789/20661 | ||
| 942 |
_2ddc _cTHE |
||
| 999 |
_c332369 _d332369 |
||